000 00492nam a2200133 4500
999 _c9011
_d9011
008 180403b ||||| |||| 00| 0 eng d
082 _aDPer 050 Dec 2015-Mar 2016 T48 v186-187
100 _927100
_aOgtrop, Kristin van.
245 _aMy last year in office:
_ba lame-duck mother assesses her tenure/
_cKristin van Ogtrop.
260 _aNew York :
_bTime Inc.,
_c©Dec 2015-Mar 2016.
300 _av187 n3, page 47:
_billustrations;
_c27 cm.
650 0 _927101
_aParenting.
942 _2ddc
_cPER